• 首页
  • 本馆介绍
  • 公告通知
  • 最新文献
  • 馆藏检索
  • 电子资源
  • 读者导购
  • 参考咨询
  • 我的图书馆
  • 登录
  • 详细信息显示
  • 放入我的书架
  • 预约/预借图书
  • 作者相关作品
  • 分类相关作品
  • 丛书相关作品
  • 出版社相关作品

书目信息

  • 表格格式
  • 工作单格式
  • 卡片格式
题名:
微机故障速修实例
    
 
作者: 谭明 主编
分册:  
出版信息: 长沙   湖南科学技术出版社  1999
页数: 303页
开本: 16开
丛书名:
单 册:
中图分类: TP306.3
科图分类:
主题词: 电子计算机 , 计算技术
电子资源:
ISBN: 7-5357-2376-4
000 00574nam0 2200205 45
001 0110061686
005 20031219104051.0
010    @a7-5357-2376-4@dCNY28.00
100    @a20011006d1999 km y0chiy0120 ea
101 0  @achi
105    @a z 000yy
200 1  @a微机故障速修实例@AWei Ji Gu Zhang Su Xiu Shi Li@f谭明主编@FTan Ming Zhu Bian
210    @a长沙@c湖南科学技术出版社@d1999
215    @a303页@d16开
606 0  @a电子计算机
606 0  @a计算技术
690    @aTP306.3@v4
701    @a谭明@4主编
801    @aCN@bTSTC@c20011006
905    @f3@b299186-188@dTP306.3@e220
    
    微机故障速修实例/谭明主编.-长沙:湖南科学技术出版社,1999
    303页;16开
    
    
    ISBN 7-5357-2376-4:CNY28.00
    
●
相关链接 在E读中查询图书 在五车中查询图书 在当当中查询图书 在豆瓣中查询图书


正题名:微机故障速修实例     索取号:TP306.3/220         预约/预借

序号 登录号 条形码 馆藏地/架位号 状态 备注
1 0299186   202991860   第三借阅区/ [索取号:TP306.3/220] 在馆    
2 0299187   202991879   第三借阅区/ [索取号:TP306.3/220] 在馆    
3 0299188   202991888   第二样本阅览室/ [索取号:TP306.3/220] 在馆    
唐山师范学院图书馆 欢迎您!
大连网信软件有限公司© 版权所有